000 00890nam a2200253 a 4500
001 67241
003 BD-RjUL
005 20211209081629.0
008 170323s2010 bg ad||| |||| 000 0 eng d
020 _a9847015300166
035 _a(BD-RjUL)67372
040 _aBD-RjUL
_beng
_cBD-RjUL
041 _aeng
082 _223
_a331.4095492
_bSTU 2010
245 1 0 _aStudy on post training utilization of sewing courses for women /
_cSwapan Kumar Dasgupta ... [et. al.]
260 _aComilla :
_bBangladesh Academy for Rural Development (BARD),
_c2010.
300 _aviii, 66 p. :
_bill.;
_c22 cm.
504 _aIncludes reference.
650 _2Rural women
_xEmployment
_zBangladesh.
_9199219
650 _aRural women
_xSocial conditions.
_zBangladesh
_9199220
650 _aRural women
_xEmployment.
_9199221
700 _aDasgupta, Swapan Kumar ... [et. al.]
_9204157
942 _2ddc
_cBK
999 _c67241
_d67241